Fluid Mechanics With Problems and Solutions and an Aerodynamics Labortory (Record no. 564903)
[ view plain ]
| 000 -LEADER | |
|---|---|
| fixed length control field | 00390nam a2200133Ia 4500 |
| 008 - FIXED-LENGTH DATA ELEMENTS--GENERAL INFORMATION | |
| fixed length control field | 210430s9999 xx 000 0 und d |
| 020 ## - INTERNATIONAL STANDARD BOOK NUMBER | |
| International Standard Book Number | 3-540-22981-7 |
| 082 ## - DEWEY DECIMAL CLASSIFICATION NUMBER | |
| Classification number | 532 K891 F |
| 100 ## - MAIN ENTRY--PERSONAL NAME | |
| Personal name | E. Krause |
| 9 (RLIN) | 54344 |
| 245 ## - TITLE STATEMENT | |
| Title | Fluid Mechanics With Problems and Solutions and an Aerodynamics Labortory |
| Statement of responsibility, etc. | E. Krause |
| 260 ## - PUBLICATION, DISTRIBUTION, ETC. | |
| Place of publication, distribution, etc. | Heidelberg |
| Name of publisher, distributor, etc. | Springer |
| Date of publication, distribution, etc. | 2006 |
| 300 ## - PHYSICAL DESCRIPTION | |
| Extent | 354 p |
| 942 ## - ADDED ENTRY ELEMENTS (KOHA) | |
| Koha item type | Book |
| Source of classification or shelving scheme | |
| Withdrawn status | Lost status | Damaged status | Not for loan | Collection code | Permanent Location | Current Location | Shelving location | Date acquired | Total Checkouts | Full call number | Barcode | Date last seen | Date last checked out | Price effective from | Koha item type |
|---|---|---|---|---|---|---|---|---|---|---|---|---|---|---|---|
| School of Chemical & Materials Engineering (SCME) | School of Chemical & Materials Engineering (SCME) | General Stacks | 2 | 532 K891 F | SCME-4178 | 11/17/2023 | 11/06/2023 | 04/30/2021 | Book |
